Culture And Psychology (Record no. 35676)

MARC details
000 -LEADER
fixed length control field 00768nam a2200133 4500
005 - DATE AND TIME OF LATEST TRANSACTION
control field 20220426164816.0
008 - FIXED-LENGTH DATA ELEMENTS--GENERAL INFORMATION
fixed length control field 220426b ||||| |||| 00| 0 hin d
022 ## - INTERNATIONAL STANDARD SERIAL NUMBER
ISSN 1354067X
245 ## - TITLE STATEMENT
Title Culture And Psychology
Editor Jaan Valsiner
260 ## - PUBLICATION, DISTRIBUTION, ETC. (IMPRINT)
Place of publication United Kingdom
Publisher SAGE Publications Ltd
520 ## - SUMMARY, ETC.
Summary, etc Culture & Psychology is to lead the international scholarly community towards new general theoretical approaches in psychology that include culture. It is not an outlet for purely empirical papers of comparison of people from different ethnic groups. Empirical work is published if demonstrated to be relevant for theory, and adequacy of the data to the phenomena is carefully scrutinized.
650 ## - SUBJECT ADDED ENTRY--SUBJECT 1
keywords culture necessary
General subdivision anthropology, sociology, and history
942 ## - ADDED ENTRY ELEMENTS (KOHA)
Koha item type Journals

No items available.